| 000 | 00633nam a2200205 a 4500 | ||
|---|---|---|---|
| 005 | 20210219152841.0 | ||
| 008 | 991125n 000 0 spa u | ||
| 035 | _aUPN01000063014 | ||
| 100 | _aHEATLEY CORTES, Roberto | ||
| 222 | _aCONESCAL : REVISTA ESPECIALIZADA EN CONSTRUCCIONES ESCOLARES | ||
| 245 | _aLa administración de la planta física de la Universidad Nacional Autónoma de México | ||
| 260 | _aMéxico | ||
| 300 | _a66-84 | ||
| 362 | _a1980 Nos. 55-56, jul.-dic. | ||
| 653 | 0 | _aADMINISTRACION EDUCATIVA | |
| 653 | 0 | _aINSTALACIONES EDUCATIVAS | |
| 653 | 0 | _aUNAM | |
| 904 |
_aAC _b000825 |
||
| 905 | _aArticulo | ||
| 999 |
_c61940 _d61940 |
||